LEADER 01382nam a2200313 a 4500 001 000000127356 003 CaOOAMICUS 005 20130311093846.0 008 120127t2011 it u000 u ita r 020 $a978-88-13-31383-8 040 $aPUL$bita 082 04$a346.45 245 03$aLe S.R.L. :$bprofili sostenziali e dinamiche processuali /$ca cura di Astolfo Di Amato. 260 $aPadova :$bCEDAM,$c©2011. 300 $aXXIV, 830 p. ;$c22 cm +$e1 CD-Rom 490 1 $aIl diritto applicato. I grandi temi 500 $aSul front.: con giurisprudenza per esteso e Formulario su CD. 504 $aInclude riferimenti bibliografici ed indice. 650 4$aSocietą commerciali$xDiritto.$0(OLS)http://pul/subject/20655 700 1 $aDi Amato, Astolfo.$0(OLS)http://pul/name/66905 830 3$aIl diritto applicato. I grandi temi.$0(OLS)http://pul/title/137455 850 $aPUL 852 $aPUL$W1$xSL Diritto e Scienze Sociali 3$y79$m346. 45 CASGI 17$j147324$qDDC 21$B145970$CPULBib$Z2$F145970 $H118282 $82 941 1 $a9 996 $6020$a978-88-13-31383-8$9(OLS)http://pul/number/148697 996 $6082$a346.45$9(OLS)http://pul/classification/372 996 $6245$aLe S.R.L. :$bprofili sostenziali e dinamiche processuali$9(OLS)http://pul/title/160919 996 $6260$aPadova :$bCEDAM$9(OLS)http://pul/publisher/48126 LEADER 01389nam a2200289 u 4500 001 000000039519 003 CaOOAMICUS 005 20070226114011.0 008 980514s1964 it u000 u lat u 035 $a10794625 040 $aPUL(R)$bita 100 1 $aPernek, S.$0(OLS)http://pul/name/29390 245 10$aMatrimonium et familia in legislatione socialisticae foederalis reipublicae Jugoslaviae /$cSeverinus Pernek. 260 $aRomae :$bPontificia Universitą Lateranense,$c1964. 300 $a86 p. ;$c25 cm 490 1 $aTheses ad lauream in iure canonico 504 $aBibliografia in nota. 650 4$aMatrimonio (diritto canonico).$0(OLS)http://pul/subject/475 650 4$aFamiglia (diritto canonico).$0(OLS)http://pul/subject/17752 830 0$aTheses ad lauream in iure canonico (Pontificia Universitą Lateranense).$0(OLS)http://pul/title/215 850 $aPUL 852 $aPUL$W1$xDP1 Diritto e Scienze Sociali 2$y90$mApudBibl D 25$j53778$nBK-PRI$b $qStampati altre collocazioni$B53778$CPULBib$Z2$F53778 $H $81 941 1 $a10 960 $aDiritto matrimoniale canonico$9475 961 $aINV: 28769 996 $6245$aMatrimonium et familia in legislatione socialisticae foederalis reipublicae Jugoslaviae$9(OLS)http://pul/title/53488 996 $6260$aRomae :$bPontificia Universitą Lateranense$9(OLS)http://pul/publisher/48628